Substance Misuse: The Implication of Research,Policy and Practice (Record no. 617340)

MARC details
000 -LEADER
fixed length control field 00542nam a2200181 a 4500
008 - FIXED-LENGTH DATA ELEMENTS--GENERAL INFORMATION
fixed length control field 260310s2026##################000#0#eng##
020 ## - INTERNATIONAL STANDARD BOOK NUMBER
ISBN 9781843106968
Paper back/Hardbound pbk
041 ## - LANGUAGE CODE
Language code of text/sound track or separate title Eng
082 04 - DEWEY DECIMAL CLASSIFICATION NUMBER
Classification number 362.29 BAR
100 ## - MAIN ENTRY--AUTHOR NAME
Personal name Barlow,Joy
245 10 - TITLE STATEMENT
Title Substance Misuse: The Implication of Research,Policy and Practice
Statement of responsibility, etc /edited by Joy Barlow.
250 ## - EDITION STATEMENT
Edition statement 1st ed
260 ## - PUBLICATION, DISTRIBUTION, ETC. (IMPRINT)
Place of publication London:
Name of publisher Jessica Kingsley Publishers,
Year of publication 2010.
300 ## - PHYSICAL DESCRIPTION
Number of Pages 240p;
Dimensions 20 cm
650 ## - SUBJECT ADDED ENTRY--TOPICAL TERM
Topical Term Social Problems, Economics.
942 ## - ADDED ENTRY ELEMENTS (KOHA)
Koha item type English Books
Holdings
Withdrawn status Lost status Damaged status Not for loan Home library Current library Shelving location Date acquired Full call number Accession Number Price effective from Koha item type
        Anna Centenary Library Anna Centenary Library 4TH FLOOR, A WING 10.03.2026 362.29 BAR 332817 10.03.2026 English Books

Find us on the map